Statistics for Best Selling Fizzy Drinks

Click here to take the quiz!

General Stats

  • This quiz has been taken 658 times
  • The average score is 6 of 10

Answer Stats

RankDrink% Correct
FirstCoca- Cola
99%
ThirdPepsi
91%
SixthSprite
86%
NinthFanta
85%
FifthDr Pepper
67%
FourthMountain Dew
46%
SecondDiet Coke
44%
SeventhDiet Pepsi
29%
TenthDiet Dr Pepper
12%
EighthDiet Mountain Dew
9%

Score Distribution

Percentile by Number Answered

Percent of People with Each Score

Your Score History

You have not taken this quiz